000 00626nam a2200217Ia 4500
005 20250923144711.0
008 008 250917s9999 xx 000 0 eng d
037 _aTextual
040 _aDSWL
_beng
_cDSWL
041 _aeng
_2eng
084 _aL9BI:519:f, N57
_qDSWL
100 _aSatur, D.M.
_9827514
245 2 _aA reiview of work done on infant mortality
_cby D.M. Satur
260 _aNew Delhi
_bIndian Council of Medical Research
_c1957
300 _a69p.
365 _aINR
_b1
700 _a S. Bhatia
_9827515
925 _g1
942 _cTEXL
_hL9BI:519:f, N57
999 _c1442225
_d1442225